SHRI SAI- VAKSUDHA ATHAVA SARVA SHASTRA SIDDHANTA (Record no. 357030)
[ view plain ]
| 000 -LEADER | |
|---|---|
| fixed length control field | 006100000a22002410004500 |
| 005 - DATE AND TIME OF LATEST TRANSACTION | |
| control field | 20120302062542.0 |
| 040 ## - CATALOGING SOURCE | |
| Original cataloging agency | MAR |
| 100 ## - MAIN ENTRY--PERSONAL NAME | |
| Personal name | UPASANI BABA MAHARAJ |
| 245 ## - TITLE STATEMENT | |
| Title | SHRI SAI- VAKSUDHA ATHAVA SARVA SHASTRA SIDDHANTA |
| 260 ## - PUBLICATION, DISTRIBUTION, ETC. (IMPRINT) | |
| Place of publication, distribution, etc | AHAMADNAGAR:BALKRUSHNA WAMAN ATHAWALE,1927 |
| 300 ## - PHYSICAL DESCRIPTION | |
| Extent | 501 P. |
| 650 ## - SUBJECT ADDED ENTRY--TOPICAL TERM | |
| Topical term or geographic name as entry element | HINDU DHARMA |
| 650 ## - SUBJECT ADDED ENTRY--TOPICAL TERM | |
| Topical term or geographic name as entry element | SANTA VANGAMAYA |
| 650 ## - SUBJECT ADDED ENTRY--TOPICAL TERM | |
| Topical term or geographic name as entry element | UPASANI |
| 650 ## - SUBJECT ADDED ENTRY--TOPICAL TERM | |
| Topical term or geographic name as entry element | VAKSUDHA |
| 650 ## - SUBJECT ADDED ENTRY--TOPICAL TERM | |
| Topical term or geographic name as entry element | PRAKRUTI VA TICHE GUNADHARMA |
| 650 ## - SUBJECT ADDED ENTRY--TOPICAL TERM | |
| Topical term or geographic name as entry element | PANCHATATVA |
| 650 ## - SUBJECT ADDED ENTRY--TOPICAL TERM | |
| Topical term or geographic name as entry element | SHADRIPU |
| 650 ## - SUBJECT ADDED ENTRY--TOPICAL TERM | |
| Topical term or geographic name as entry element | ANUSHTHAN |
| 650 ## - SUBJECT ADDED ENTRY--TOPICAL TERM | |
| Topical term or geographic name as entry element | VEDANT |
| 650 ## - SUBJECT ADDED ENTRY--TOPICAL TERM | |
| Topical term or geographic name as entry element | TAPASHACHARYA |
| 942 ## - ADDED ENTRY ELEMENTS (KOHA) | |
| Koha item type | Book |
| Withdrawn status | Lost status | Damaged status | Not for loan | Home library | Current library | Date acquired | Total Checkouts | Barcode | Date last seen | Price effective from |
|---|---|---|---|---|---|---|---|---|---|---|
| Institute For Oriental Study, Thane | Institute For Oriental Study, Thane | 12/02/2009 | IOS-18089 | 12/02/2009 | 12/02/2009 |